书目信息 |
| 题名: |
跨流域调水生态环境影响评价研究
|
|
| 作者: | 郭潇 , 方国华 著 | |
| 分册: | ||
| 出版信息: | 北京 中国水利水电出版社 2010.05 |
|
| 页数: | 115页 | |
| 开本: | 26cm | |
| 丛书名: | ||
| 单 册: | ||
| 中图分类: | X143 | |
| 科图分类: | ||
| 主题词: | 跨流域引水--水利工程--水环境--环境影响--评价 , 跨流域引水--水利工程--生态环境--环境影响--评价 , 生态环境 , 跨流域引水 , 水利工程 , 水环境 | |
| 电子资源: | ||
| ISBN: | 978-7-5084-7557-8 | |
| 000 | 01183nam0 2200313 450 | |
| 001 | 1138744283 | |
| 005 | 20111219104608.54 | |
| 010 | @a978-7-5084-7557-8@dCNY26.00 | |
| 090 | @aX14@bgx | |
| 096 | @aX14@bgx | |
| 100 | @a20100714d2010 em y0chiy50 ea | |
| 101 | 0 | @achi |
| 102 | @aCN@b110000 | |
| 105 | @ay z 000yy | |
| 200 | 1 | @a跨流域调水生态环境影响评价研究@b专著@f郭潇,方国华著@9kua liu yu diao shui sheng tai huan jing ying xiang ping jia yan jiu |
| 210 | @a北京@c中国水利水电出版社@d2010.05 | |
| 215 | @a115页@d26cm | |
| 330 | @a本书分析调水对水源区、输水区和受水区生态环境带来的正面影响和负面影响,探析主要的影响因子,构建评价指标体系,研究制定定量评价指标的评价标准,建立综合评价模型,并应用于引黄济青跨流域调水工程生态环境影响评价。 | |
| 606 | 0 | @a跨流域引水@x水利工程@x水环境@x环境影响@x评价 |
| 606 | 0 | @a跨流域引水@x水利工程@x生态环境@x环境影响@x评价 |
| 606 | 0 | @a生态环境 |
| 606 | 0 | @a跨流域引水 |
| 606 | 0 | @a水利工程 |
| 606 | 0 | @a水环境 |
| 690 | @aX143@v4 | |
| 701 | 0 | @a郭潇@f(1957~)@4著@9guo xiao |
| 701 | 0 | @a方国华@c(女,@f1964~)@4著@9fang guo hua |
| 801 | 0 | @aCN@b大连网信软件有限公司图书馆·11@c20111219 |
| 905 | @aZUCC@dX143@eG856 | |
| 跨流域调水生态环境影响评价研究/郭潇,方国华著.-北京:中国水利水电出版社,2010.05 |
| 115页;26cm |
| ISBN 978-7-5084-7557-8:CNY26.00 |
| 本书分析调水对水源区、输水区和受水区生态环境带来的正面影响和负面影响,探析主要的影响因子,构建评价指标体系,研究制定定量评价指标的评价标准,建立综合评价模型,并应用于引黄济青跨流域调水工程生态环境影响评价。 |
| ● |
| 相关链接 |
|
|
|
正题名:跨流域调水生态环境影响评价研究
索取号:X143/G856
 
预约/预借
| 序号 | 登录号 | 条形码 | 馆藏地/架位号 | 状态 | 备注 |
| 1 | 843538 | 208435380 | 自科库501/501自科库 62排5列1层/ [索取号:X143/G856] | 在馆 | |
| 2 | 843539 | 208435399 | 自科库501/501自科库 62排5列1层/ [索取号:X143/G856] | 在馆 | |
| 3 | 843540 | 208435406 | 期刊室512/501自科库 62排5列1层/ [索取号:X143/G856] | 在馆 |